| Поле | Название | Значение |
| |
Тип записи |
a |
| |
Библиографический уровень |
m |
| 001 |
Контрольный номер |
SKBR/581653f0-de32-4db4-93c6-16a78637a2cb |
| 005 |
Дата корректировки |
20230110143101.2 |
| 010 |
Индекс ISBN |
__ |
| a |
ISBN |
978-5-9614-3586-3 |
| b |
Уточнения |
в пер. |
| 9 |
Тираж |
1500 экз. |
| d |
Цена |
1376-10 |
| 035 |
Другие системные номера |
__ |
| a |
Идентификатор записи |
RU/Архангельская ОНБ/GIVC/65.263/Б 423-328651826 |
| 100 |
Данные общей обработки |
__ |
| a |
Данные общей обработки |
20210929d2020 mk y0rusy028902 ca |
| 101 |
Язык документа |
0_ |
| a |
Язык текста |
rus |
| 102 |
Страна публикации |
__ |
| a |
Страна публикации |
RU |
| 105 |
Кодированные данные (монография) |
__ |
| a |
Кодированные данные (монография) |
ac z 000yy |
| 181 |
Поле кодированных данных: вид содержания |
_0 |
| a |
Код вида содержания (ISBD) |
i |
| 182 |
Поле кодированных данных: тип средства |
_0 |
| a |
Код типа средства (ISBD) |
n |
| 200 |
Заглавие и сведения об ответственности |
1_ |
| a |
Заглавие |
Когда плохо - это хорошо |
| e |
Сведения, относящиеся к заглавию |
как зарабатывать на инвестиционных идеях |
| f |
Первые сведения об ответственности |
Исаак Беккер |
| 203 |
Вид содержания и тип средства |
__ |
| c |
Тип средства |
непосредственный |
| a |
Вид содержания |
Текст |
| 210 |
Выходные данные |
1_ |
| a |
Место издания |
Москва |
| c |
Издательство |
Альпина Паблишер |
| d |
Дата издания |
2020 |
| 215 |
Физическое описание |
__ |
| a |
Объем |
272, [1] с. |
| c |
Иллюстрации/тип воспроизводства |
ил., портр. |
| d |
Формат |
24 см |
| 225 |
Серия |
2_ |
| a |
Серия |
Бизнес |
| 320 |
Библиография |
__ |
| a |
Библиография |
Библиография в подстрочных примечаниях |
| 330 |
Аннотация |
__ |
| a |
Аннотация |
В наше время доступ на российский и зарубежные фондовые рынки стал простым и удобным. Миллионы людей во всем мире активно инвестируют на этих площадках, стараясь сохранить и приумножить свой капитал. Однако похвастаться хорошими результатами могут далеко не все. Эта книга посвящена теме, которая мало изучена и плохо освещена: где искать и как правильно выбирать доходные инвестиционные идеи? Как делать на них хорошие деньги? Книга базируется на реальных примерах и представляет собой практическое пособие для тех, кто хочет существенно улучшить свои результаты на фондовом рынке. |
| 606 |
Тематические рубрики |
__ |
| 3 |
Контрольный № нормативной записи |
RU\NLR\AUTH\661358569 |
| a |
Основная рубрика |
Экономика |
| 2 |
Код системы |
nlr_sh |
| 606 |
Тематические рубрики |
__ |
| 2 |
Код системы |
nlr_sh |
| a |
Основная рубрика |
Инвестиции |
| 610 |
Ключевые слова |
0_ |
| a |
Ключевые слова |
инвестиционные идеи |
| 610 |
Ключевые слова |
0_ |
| a |
Ключевые слова |
инвестиционная деятельность |
| 610 |
Ключевые слова |
0_ |
| a |
Ключевые слова |
инвестирование денег |
| 610 |
Ключевые слова |
0_ |
| a |
Ключевые слова |
инвестиции |
| 610 |
Ключевые слова |
0_ |
| a |
Ключевые слова |
инвестиции капитала |
| 610 |
Ключевые слова |
0_ |
| a |
Ключевые слова |
накопление капитала |
| 610 |
Ключевые слова |
0_ |
| a |
Ключевые слова |
финансовая грамотность |
| 610 |
Ключевые слова |
0_ |
| a |
Ключевые слова |
инвестирование |
| 610 |
Ключевые слова |
0_ |
| a |
Ключевые слова |
личный капитал |
| 686 |
Индексы других классификаций |
__ |
| 2 |
Код системы |
rubbks |
| a |
Классификационный индекс |
65.263 |
| 700 |
Автор |
_1 |
| a |
Фамилия |
Беккер |
| b |
Имя |
И. |
| g |
Полное личное имя |
Исаак |
| 4 |
Код отношения |
070 |
| 801 |
Источник записи |
_0 |
| b |
Организация |
Архангельская ОНБ |
| a |
Страна |
RU |
| c |
Дата составления |
20210929 |
| g |
Правила каталогизации |
PSBO |
| 801 |
Источник записи |
_1 |
| b |
Организация |
Архангельская ОНБ |
| a |
Страна |
RU |
| c |
Дата составления |
20210929 |
| g |
Правила каталогизации |
PSBO |
| 852 |
Данные о местонахождении |
__ |
| i |
Авторский знак |
Б 42 |
| j |
Шифр хранения |
65.263 |
| 900 |
Макрообъекты |
__ |
| a |
Макрообъекты |
Когда плохо - это хорошо. Как зарабатывать на инвестиционных идеях, 2020 |
| 901 |
Тип документа |
__ |
| a |
Ответственный |
ООФиК/Волкова |
| t |
Тип документа |
m |
| 903 |
Характеристики (МАРС) |
__ |
| a |
Дата передачи |
20220610 |
| c |
Наименование библиотеки (МАРС) |
Муниципальное бюджетное учреждение культуры "Централизованная библиотечная система" г. Сургут (Центральная городская библиотека им. А. С. Пушкина) |
| 990 |
Данные о заказе (DOS) |
__ |
| j |
Количество экземпляров (DOS) |
2 |
| t |
N записи в КСУ для И/У (DOS) |
202206 |